Normal view
MARC view
- Flores Ramos, Alicia
Entry Nombre Personal
001 - NUMERO DE CONTROL
- campo de control: 45501
003 - IDENTIFICADOR DE NUMERO DE CONTROL
- campo de control: DLC
005 - FECHA Y HORA DE LA ÜLTIMA TRANSACCIÓN
- campo de control: 20220822092841.0
008 - DATOS DE LONGITUD FIJA
- campo de control de longitud fija: 220822n| acannaabn |a aaa
010 ## - NÚMERO DE CONTROL DE LA BIBLIOTECA DEL CONGRESO
- Número de control LC: n 2004029904
040 ## - FUENTE DE CATALOGACIÓN
- Agencia original de catalogación: DLC
- Agencia de transcripción: DLC
- Lenguaje de catalogación: spa
- Agencia que lo modifica: MX-MxUPN
100 1# - ENCABEZAMIENTO - NOMBRE PERSONAL
- Nombre personal: Flores Ramos, Alicia
400 1# - VEÁSE - NOMBRE DE PERSONA
- Personal name: Ramos, Alicia Flores
670 ## - FUENTE EN LA QUE SE LOCALIZARON DATOS
- Cita de la fuente: Flores Ramos, Alicia. Precursores del ensayo en la Nueva España (siglo XVIII), 2002:
- Información localizada: portada (Alicia Flores Ramos)
902 ## - CATALOGADOR
- Catalogador: NDAf/220822
